Construction activity falls, extending current sequence of decline to five years (Record no. 114345)
[ view plain ]
| 000 -LEADER | |
|---|---|
| fixed length control field | 01070cad a22002055a 4500 |
| 001 - CONTROL NUMBER | |
| control field | L156653 |
| 008 - FIXED-LENGTH DATA ELEMENTS--GENERAL INFORMATION | |
| fixed length control field | 120618e20120213xxk f 000 0 eng d |
| 035 ## - SYSTEM CONTROL NUMBER | |
| System control number | (Sirsi) u156653 |
| 041 0# - LANGUAGE CODE | |
| Language code of text/sound track or separate title | eng |
| 110 2# - MAIN ENTRY--CORPORATE NAME | |
| Corporate name or jurisdiction name as entry element | Markit |
| 9 (RLIN) | 5915 |
| 245 00 - TITLE STATEMENT | |
| Title | Construction activity falls, extending current sequence of decline to five years |
| Medium | [electronic resource] |
| 260 ## - PUBLICATION, DISTRIBUTION, ETC. | |
| Date of publication, distribution, etc. | 2012 |
| 490 ## - SERIES STATEMENT | |
| Series statement | Ulster Bank Construction PMI Report News Release |
| Volume/sequential designation | 11 June 2012 |
| 520 ## - SUMMARY, ETC. | |
| Summary, etc. | The Irish construction sector remained in decline during May, and activity has now fallen in each month throughout the past five years. New orders decreased at a solid rate during the month. Falling workloads in the Republic of Ireland led to a further reduction in staffing levels and firms cut their purchases of inputs at an accelerated pace. |
| 590 ## - LOCAL NOTE (RLIN) | |
| Local note | KA |
| 651 #4 - SUBJECT ADDED ENTRY--GEOGRAPHIC NAME | |
| Geographic name | Ireland (Republic of) |
| Chronological subdivision | |
| 690 ## - LOCAL SUBJECT ADDED ENTRY--TOPICAL TERM (OCLC, RLIN) | |
| Topical term or geographic name as entry element | Construction management |
| 9 (RLIN) | 6230 |
| 856 40 - ELECTRONIC LOCATION AND ACCESS | |
| Uniform Resource Identifier | <a href="https://www.markiteconomics.com/MarkitFiles/Pages/ViewPressRelease.aspx?ID=9667">https://www.markiteconomics.com/MarkitFiles/Pages/ViewPressRelease.aspx?ID=9667</a> |
| Public note | View this item free of charge at www.markiteconomics.com |
| 942 ## - ADDED ENTRY ELEMENTS (KOHA) | |
| Suppress in OPAC | 0 |
| Withdrawn status | Lost status | Source of classification or shelving scheme | Damaged status | Not for loan | Home library | Current library | Shelving location | Date acquired | Total Checkouts | Full call number | Barcode | Date last seen | Copy number | Price effective from | Koha item type |
|---|---|---|---|---|---|---|---|---|---|---|---|---|---|---|---|
| Dewey Decimal Classification | Virtual | Virtual | Online | 18/06/2012 | ONLINE PUBLICATION | 156653-2001 | 06/08/2019 | 1 | 06/08/2019 | Book |